| 000 | 01018nam0a22003011 4500 | ||
|---|---|---|---|
| 001 | 2560040 | ||
| 005 | 20251118181722.4 | ||
| 021 |
_aRU _b79-74587 |
||
| 035 | _a(NLR Aleph) 006445252 | ||
| 090 |
_a5682050 _c5682050 |
||
| 100 | _a20110316d1979 u y0rusy50 ca | ||
| 101 | 1 |
_arus _aeng _crus |
|
| 102 | _aRU | ||
| 105 | _aa z ||||| | ||
| 200 | 1 |
_aOn the mechanism of the backward emission of fast protons in hadron-nucleus interactions at intermediate and high energies _fV.I. Komarov, H. Müller |
|
| 210 |
_aДубна _cБ. и. _d1979 |
||
| 215 |
_a10 с. _cил. _d22 |
||
| 225 | 1 |
_aСообщения Объединенного института ядерных исследований. Дубна _vЕ2-12439 |
|
| 320 | _aБиблиогр.: с. 10 | ||
| 686 |
_aВ383.52,09 _2rubbk |
||
| 700 | 1 |
_aКомаров _bВ.И. |
|
| 701 | 1 |
_aМюллер _bГ. |
|
| 801 | 0 |
_aRU _bNLR _gpsbo |
|
| 801 | 1 |
_aRU _bELAR _2rusmarc |
|
| 852 |
_aNLR _jDesideratum |
||
| 899 |
_aRuMoRGB _jXXI 412/47 |
||
| 942 | _cBOOK | ||
| 980 | _aNB | ||